What Country is this PDC Darts player from? - Statistics

General Stats
  • This quiz has been taken 58 times
  • The average score is 14 of 15
Answer Stats
Hint Answer % Correct
Chris Dobey England
100%
Luke Littler England
100%
Micheal Van Gerwen Netherlands
100%
Jeffrey De Zwaan Sweden/Netherlands
100%
Dimitri Van Den Bergh Belgium
98%
Zong Xiao Chen China
98%
Gabriel Clemens Germany
98%
Jose De Sousa Portugal
98%
Thibault Tricole France
96%
Keane Barry Ireland
94%
Leonard Gates USA
92%
Josh Rock Northern Ireland
91%
Matt Campbell Canada
89%
Lourence Ilagen Philippines
77%
Marko Kantele Finland
64%
No matching quizzes found
Score Distribution
Percent of People with Each Score
Percentile by Number Answered
Your Score History
You have not taken this quiz